Responses for Show #2872 - Tuesday, February 11, 1997

1997-A Teen Tournament semifinal game 2.

Contestants

[<< previous game]

Faith Hillis, a junior from Fairfax, Virginia

Akiva Fox, a junior from Newton, Massachusetts

Pooja Dhume, a junior from New Orleans, Louisiana

[next game >>]

Jeopardy! Round responses

U.S. CITY NICKNAMES
FIRST AID
MILLIONAIRES
KIDS IN THE NEWS
C IS FOR...
LAST PLACE
    $100 4
Austin

Faith
    $100 30
(Alex: And then you go and get some help!)

Nosebleed

Pooja
    $100 9
Billionaire

Pooja
    $100 16
Madonna

Akiva
    $100 1
The Grinch

Pooja
    $100 12
Wyoming

Akiva
    $200 5
Salem, Massachusetts

Akiva
    $200 29
Frostbite

Faith
    $200 22
Cellular phones

Akiva
    $200 17
Prince William

Faith
    $200 2
The Jumping Frog Contest

Akiva
    $200 13
The Indianapolis 500

Akiva
    $300 6
Minneapolis

Faith
    $300 28
Splint

Pooja
    $300 23
(Alex: And you got it in the nick of time!)

Netscape

Akiva
    $300 18
New York Yankees

Akiva
    $300 3
Odysseus

Faith
    $300 14
Pluto

Faith
    $400 7
(F: What is Greenwich?)

Hartford

Faith
Triple Stumper
    $400 27
(F: What is CPR?)
(P: What is cardio-pulmonary resuscitation?)

Artificial respiration

PoojaFaith
Triple Stumper
    $400 24
Oil

Akiva
    $800 19
Pablo Picasso

Akiva
    $400 10
(F: What is Turkey?)

Greece

AkivaFaith
    $400 15
St. Helena

Akiva
    $500 8
Dayton, Ohio

Faith
    $500 26
Vomiting

Faith
    $500 25
Dave Thomas

Faith
    $500 20
Million Man March

Faith
    $500 11
Numismatics

Triple Stumper
    $500 21
12 Drummers Drumming

Pooja

Scores at the first commercial break (after clue 15):

Pooja Akiva Faith
$200 $1,500 $700

Scores at the end of the Jeopardy! Round:

Pooja Akiva Faith
$700 $3,600 $2,200

Double Jeopardy! Round responses

BIOLOGY
PEOPLE IN HISTORY
NUMBER, PLEASE
BODIES OF WATER
AMERICAN LITERATURE
BIBLE TALES
    $200 1
Dominant

Akiva
    $200 12
Pope

Akiva
    $200 11
3

Akiva
    $200 29
Loch Ness

Faith
    $200 24
Ernest Hemingway

Faith
    $200 2
Moses

Faith
    $400 7
Methane

Pooja
    $400 13
Isabella

Akiva
    $400 17
(P: What is 411?)

555-1212

Pooja
Triple Stumper
    $400 30
Nile River

Faith
    $400 27
"The Red Badge of Courage"

Faith
    $400 3
Philistines

Akiva
    $600 8
Hormones

Akiva
    $600 14
Nefertiti

Akiva
    $600 18
Seventeen

Pooja
    $600 26
Lake Pontchartrain

Akiva
    $600 23
"The Joy Luck Club"

Akiva
    $1,500 4
(A: What is the Temple?)

Noah's Ark

Akiva
    $800 9
Symmetry

Pooja
    $700 15
(A: Who is Ferdinand Magellan?)

Sir Francis Drake

Akiva
    $800 19
(A: What is 80?)
(P: What is 190?)
(F: What is 451?)

180 (32 and 212)

PoojaAkivaFaith
Triple Stumper
    $800 25
Bay of Biscay

Akiva
    $800 21
Maya Angelou

Akiva
    $800 5
Lot

Akiva
    $1000 10
(A: What are capillaries?)

Vascular

Akiva
Triple Stumper
    $1000 16
William Wallace

Akiva
    $1000 20
(A: What is 104?)

105

AkivaFaith
    $1000 28
Mekong River

Akiva
    $1000 22
Nathaniel Hawthorne

Faith
    $1000 6
David

Akiva

Scores at the end of the Double Jeopardy! Round:

Pooja Akiva Faith
$1,300 $7,800 $4,800

[wagering suggestions for these scores]

Final Jeopardy! Round responses

COUNTRIES OF THE WORLD
PoojaWhat is ?
$1,200
FaithWhat is Canada?
$4,800
AkivaWhat is CANADA
$1,863
Canada

Final scores:

Pooja Akiva Faith
$100 $9,663 $9,600
3rd place: $5,000 Finalist 2nd place: $5,000

Game dynamics:

Coryat scores:

Pooja Akiva Faith
$1,300 $9,600 $4,800
8 R,
3 W
27 R
(including 1 DD),
5 W
(including 2 DDs)
17 R,
4 W

Combined Coryat: $15,700

[game clues] [game scores] [suggest correction]

Game tape date: 1997-01-09
The J! Archive is created by fans, for fans. Scraping, republication, monetization, and malicious use prohibited; this site may use cookies and collect identifying information. See terms. The Jeopardy! game show and all elements thereof, including but not limited to copyright and trademark thereto, are the property of Jeopardy Productions, Inc. and are protected under law. This website is not affiliated with, sponsored by, or operated by Jeopardy Productions, Inc. Join the discussion at JBoard.tv.